Compendium evangeliorum, quae in missali romano continentur, cum remisionibus ad libros vulgari sermoni conscriptos.

Detalles Bibliográficos
Autor principal: SANZOLES, Alfonso de (Fray)
Formato: Libro
Publicado: Medina del Campo 1592
Materias:
Colección:Banco de datos
Acervo:Biblioteca del Museo Regional de Querétaro. INAH. Querétaro
Tema general:Biblia
Notas:Regular. Ex libris manuscrito de Fr. Sebastián, y otro impreso de la Bibliotheca del Col. Civil de Qro. 1N7, 4.
LEADER 00858nam a22001930004500
035 |a 23737 
036 |a 2222 
100 1 |a SANZOLES, Alfonso de (Fray) 
245 1 0 |a Compendium evangeliorum, quae in missali romano continentur, cum remisionibus ad libros vulgari sermoni conscriptos. 
260 |a Medina del Campo  |b ed. Juan de Tercio, Jacobo de Canto  |c 1592 
500 |a Regular. Ex libris manuscrito de Fr. Sebastián, y otro impreso de la Bibliotheca del Col. Civil de Qro. 1N7, 4. 
650 1 0 |a Biblia 
949 |a C.R.Q. 
959 |a Ex convento Grande de San Francisco de la ciudad de Querétaro, Museo Regional de Querétaro  |b CCC2 
960 |a Convento Grande de San Francisco de la ciudad de Querétaro  |b DD68 
961 |a Franciscana  |b OF 
942 |c C.R.Q. 
943 |g Biblioteca del Museo Regional de Querétaro. INAH. Querétaro 
999 |c 980053  |d 980053